000
00263nam a2200109Ia 4500
100
_a
#N/A
942
_c
BK
654
_a
linux mint - out of the box desktop solutions
245
_a
Linux Mint - Out of the Box Desktop Solution
260
_b
#N/A
546
_a
ENGLISH
999
_c
33906
_d
33906